| 000 | 01422cam a2200349 i 4500 | ||
|---|---|---|---|
| 001 | 41600 | ||
| 003 | Mx-PuUPA | ||
| 005 | 20250429090907.0 | ||
| 008 | 140415s2013 mx bd gr 000 0 spa d | ||
| 040 |
_aMx-PuUPA _bspa _cMx-PuUPA _dMx-PuUPA _erda |
||
| 041 | 1 |
_aspa _heng |
|
| 110 | 2 |
_aOrganisation for Economic Co-operation and Development, _96041 |
|
| 240 | 1 |
_aOECD Territorial Reviews : Puebla-Tlaxcala, Mexico 2013. _lEspañol |
|
| 245 | 1 | 0 |
_aOCDE estudio territorial : _bPuebla-Tlaxcala, México 2013 / _cOCDE |
| 264 | 1 |
_aMéxico : _bOCDE : Instituto Municipal de Planeación, _c©2013 |
|
| 300 |
_a257 páginas : _bmapas, gráficas ; _c28 cm |
||
| 336 |
_2rdacontent _atexto _btxt |
||
| 337 |
_2rdamedia _asin medio _bn |
||
| 338 |
_2rdacarrier _avolumen _bnc |
||
| 650 | 7 |
_2armarc _aIndustrialización _x _zPuebla - Tlaxcala |
|
| 650 | 7 |
_2armarc _aCentros de productividad industrial |
|
| 651 | 4 |
_aMéxico _xDesarrollo económico |
|
| 651 | 4 |
_aPuebla _zTlaxcala _xCrecimiento económico |
|
| 651 | 4 |
_aMéxico _xDesarrollo rural |
|
| 651 | 4 |
_aPuebla _zTlaxcala _xInfraestructura (Economía) |
|
| 765 | 0 |
_aOrganisation for Economic Co-operation and Development _tOECD Territorial Reviews : Puebla-Tlaxcala, Mexico 2013. |
|
| 942 |
_2ddc _cLI _h338.972 _iO58 |
||
| 999 |
_c41600 _d41600 |
||